000 00376nam a22001337a 4500
020 _a0-14-037114-1
082 _a001
_bMAH/R
100 _aRICHARD MAHER, SYLVIA BOND
245 _aTHE ROALD DAHL QUIZ BOOK 1
260 _aUNITED KINGDOM
_bPUFFIN BOOKS
_c1994
300 _a123
650 _aQUESTION ANSWERS BASED ON SIX BEST LOVED TITLES OF ROALD DAHL
_zUNITED KINGDOM
942 _cBK
999 _c41
_d41